Từ điển từ văn hoá ẩm thực Việt Nam /

Na minha lista:
Detalhes bibliográficos
Autor principal: Huỳnh Thị Dung
Outros Autores: Nguyễn Thị Huế, Nguyễn Thu H
Formato: Sách giấy
Idioma:Vietnamese
Publicado em: Hà Nội : Văn hoá Thông tin , 2001
Tags: Adicionar Tag
Sem tags, seja o primeiro a adicionar uma tag!
Thư viện lưu trữ: Thư viện Trường Đại học Đà Lạt
LEADER 00718nam a2200277 4500
001 DLU020018889
005 ##10/19/2001
020 # # |a 978- 
041 # # |a vie 
082 # # |a 394.12  |b HU-D 
100 # # |a Huỳnh Thị Dung 
245 # # |a Từ điển từ văn hoá ẩm thực Việt Nam /  |c Huỳnh Thị Dung, Nguyễn Thu Hà, Nguyễn Thị Huế 
260 # # |a Hà Nội :  |b Văn hoá Thông tin ,  |c 2001 
300 # # |a 936 tr.;   |c 21 cm. 
700 # # |a Nguyễn Thị Huế 
700 # # |a Nguyễn Thu Hà 
992 # # |a 104000 
994 # # |a DLU 
998 # # |a TK 
900 # # |a False 
911 # # |a Administrator 
925 # # |a G 
926 # # |a A 
927 # # |a SH 
980 # # |a Thư viện Trường Đại học Đà Lạt